Formale und Transzendentale Logik. Versuch einer Kritik der logischen Vernunft
שמור ב:
| מחבר ראשי: | |
|---|---|
| פורמט: | ספר |
| שפה: | גרמנית |
| יצא לאור: |
The Hague, Netherlands
Martinus Nijhoff
1974
|
| סדרה: | Husserliana Gesammelte Werke,
|
| נושאים: | |
| תגים: |
הוספת תג
אין תגיות, היה/י הראשונ/ה לתייג את הרשומה!
|
MARC
| LEADER | 00000cam a2200000 a 4500 | ||
|---|---|---|---|
| 001 | UCC8928 | ||
| 003 | CL-VaPUC | ||
| 005 | 20240820103305.0 | ||
| 008 | 190830e19740000ne |||||||||||||||||ger|d | ||
| 020 | |a 9024751152 | ||
| 040 | |c Pontificia Universidad Católica de Valparaíso | ||
| 082 | 0 | 4 | |a 160 HUS 1974 |2 21 |
| 100 | |a Husserl, Edmund |e author |9 197 | ||
| 245 | 1 | 0 | |a Formale und Transzendentale Logik. |b Versuch einer Kritik der logischen Vernunft |
| 260 | |a The Hague, Netherlands |b Martinus Nijhoff |c 1974 | ||
| 300 | |a 510 páginas | ||
| 440 | |a Husserliana Gesammelte Werke, |n 17 |9 860765 | ||
| 583 | |a last modification |c 20190830 10:52:00 |k Rodrigo Vera | ||
| 650 | 0 | |a Lógica matemática |9 262442 | |
| 650 | 0 | |a Fenomenología |9 256519 | |
| 942 | |c BK |2 ddc | ||
| 945 | |d 20190830 10:52:00 |a dcastane | ||
| 999 | |c 375124 |d 375122 | ||
| 952 | |0 0 |1 0 |3 erd |4 0 |6 160_000000000000000_HUS_1974 |7 0 |8 R |9 494016 |a BIBEDU |b BIBEDU |c MCIRC |d 2019-08-26 |e 2 |g 197224.00 |i 5560012 |o 160 HUS 1974 |p 5560012 |r 2023-01-13 |v 197224.00 |w 2019-11-24 |y BK_R |z Catalogado en:20190830 |k FIL | ||